LEADER 00869nam2 22002773i 450 001 RAV1199872 005 20251003044330.0 100 $a20060725d1982 ||||0itac50 ba 101 | $aita 102 $ait 181 1$6z01$ai $bxxxe 182 1$6z01$an 200 0 $a1:$fRobert Resnick, David Halliday 205 $a3. ed 210 $aMilano$cAmbrosiana$d1982 215 $aXI, 645 p.$cill.$d27 cm. 461 1$1001UFI0013815$12001 $aFisica$fR. Resnick, D. Halliday$v1 606 $aFisica$2FIR$3CFIC002396$9E 676 $a530$9FISICA$v23 801 3$aIT$bIT-000000$c20060725 850 $aIT-BN0095 912 $aRAV1199872 950 2$aBiblioteca Centralizzata di Ateneo$d 01M/S (AR) 3 805$e 01AR 0070038055 VMA A4 v. 1$fY $h20231130$i20231130 977 $a 01 996 $a1$961339 997 $aUNISANNIO